| 000 | 00358nam a2200145Ia 4500 | ||
|---|---|---|---|
| 005 | 20251222141954.0 | ||
| 008 | 251222s9999||||xx |||||||||||||| ||spa|| | ||
| 020 | _a9788436834642 | ||
| 082 | _a658.7/F43 | ||
| 100 | _aFerruz Agudo, Luis | ||
| 245 | 0 | _aDirección Financiera del Riesgo de Interés | |
| 250 | _a1ra. ed. | ||
| 264 | _bPirámide | ||
| 942 | _cLIB | ||
| 999 |
_c9797 _d9797 |
||